000 00727nam a2200253Ia 4500
001 21462
003 GE_BSU
008 181216s||||||||xx |||||||||||||| ||und||
020 _a9780132915540
040 _cGE_BSU
100 _aHibbeler, Russell C.
245 _aEngineering Mechanics: Statics
250 _a13th Edition
260 _aBoston
260 _bPearson
260 _c2013
300 _a648 p. 24cm.
300 _eIndex p.: 642-648
541 _h103 Gel.
653 _aEngineering Mechanics: Statics
653 _aСтроительство инженерных сооружений
653 _aსაინჟინრო ნაგებობების მშენებლობა
942 _cBK
999 _c54406
_d54406